Joe Biden multiple choice quiz - Statistics

General Stats
  • This quiz has been taken 206 times
  • The average score is 10 of 12
Answer Stats
Question Answer % Correct
Who was Joe Biden's Republican opponent in the US presidential election 2020? Donald Trump
98%
Who was Joe Biden's running mate and became US vice president in 2021? Kamala Harris
97%
What office did Joe Biden hold under the Obama presidency 2009-2017? Vice president
95%
How did Joe Biden's first wife Neilia and daughter Naomi tragically lose their lives in 1972? Car accident
92%
What is the first name of Joe Biden's second wife? Jill
91%
Who are Champ and Major? Joe and Jill Biden's dogs
88%
What did Joe Biden suffer from as a child (and even later)? Stutter
88%
Who was Joe Biden's last opponent to drop out of the Democratic primaries in 2020? Bernie Sanders
86%
What state did Joe Biden represent in the US Senate 1973-2009? Delaware
84%
What was Joe Biden accused of during the presidential campaign? Inappropriate contact with women
76%
What was renamed for Joe Biden in 2011 in Wilmington for his preferred way of commuting? Railway station
76%
What is Joseph R. Biden's middle name? Robinette
65%
No matching quizzes found
Score Distribution
Percent of People with Each Score
Percentile by Number Answered
Your Score History
You have not taken this quiz